भारतीय इतिहास (Record no. 30558)
[ view plain ]
| 000 -LEADER | |
|---|---|
| fixed length control field | 004900000a22001570004500 |
| 003 - CONTROL NUMBER IDENTIFIER | |
| control field | MACL |
| 005 - DATE AND TIME OF LATEST TRANSACTION | |
| control field | 20181222121043.0 |
| 008 - FIXED-LENGTH DATA ELEMENTS--GENERAL INFORMATION | |
| fixed length control field | 181222b xxu||||| |||| 00| 0 eng d |
| 040 ## - CATALOGING SOURCE | |
| Original cataloging agency | MACL |
| Transcribing agency | macl |
| 100 ## - MAIN ENTRY--PERSONAL NAME | |
| Personal name | शर्मा सी के |
| 9 (RLIN) | 33941 |
| 245 ## - TITLE STATEMENT | |
| Title | भारतीय इतिहास |
| 260 ## - PUBLICATION, DISTRIBUTION, ETC. (IMPRINT) | |
| Name of publisher, distributor, etc. | …+…"…,…ʹ…Œ…®…_…ý…·……̜…_…, |
| 350 ## - PRICE (NR) (BK AM CF MU VM SE) [OBSOLETE] | |
| Price | 240 |
| 650 ## - SUBJECT ADDED ENTRY--TOPICAL TERM | |
| Topical term or geographic name as entry element | …1…·…,…_ƒ__…Y…_…̜…_ |
| 9 (RLIN) | 72574 |
| 942 ## - ADDED ENTRY ELEMENTS (KOHA) | |
| Koha item type | Hindi Books |
| Call number prefix | 954/SHA |
| Source of classification or shelving scheme | |
| Withdrawn status | Lost status | Source of classification or shelving scheme | Damaged status | Not for loan | Home library | Current library | Date acquired | Cost, normal purchase price | Total Checkouts | Total Renewals | Full call number | Barcode | Date last seen | Date last checked out | Uniform Resource Identifier | Price effective from | Koha item type |
|---|---|---|---|---|---|---|---|---|---|---|---|---|---|---|---|---|---|
| MACL | MACL | 22/12/2018 | 240.00 | 7 | 2 | 954/SHA | CLC000499 | 29/01/2020 | 18/01/2020 | 30607 | 15/04/2015 | Hindi Books |









